Word Ladder: Ladder Matters Quiz Stats

 Plays Quiz Updated Aug 22, 2015

Challenge
Share
Tweet
Embed
Score 0/20 Timer 03:00
0 Plays Today
Clue 4-Letter Word % Correct
A series of pages bound togetherBOOK
96.9%
You'll need a ladder to reach this type of bedBUNK
96.7%
This chess piece can move in straight lines onlyROOK
96.1%
You'll need a ladder to reach this part of your houseROOF
96.1%
An enclosing for chickensCOOP
94.3%
To knock something on the headBONK
93.7%
A part of a ladderRUNG
93.7%
A group of hoofed animals moving in unisonHERD
92.9%
Difficult in natureHARD
92.4%
A very large stringed instrumentHARP
92.1%
Clue 4-Letter Word % Correct
This sound accompanies vanishingsPOOF
91%
A freshwater breed of fish including koi and goldfishCARP
90.4%
A deck on a shipPOOP
89.9%
A stopper to fill a cask's holeBUNG
89.2%
Businesspeople climb this metaphorical ladder (abbr.)CORP.
88.8%
To slowly leak through porous holesSEEP
87.3%
A piece of chick-shaped marshmallow candyPEEP
85.8%
A part of a ladderSTEP
85.7%
One who has committed a crime, for shortPERP
83.9%
Pawnee's finest (and most obvious) news anchorPERD
80.6%

Today's Daily Dose

You're not logged in!

Compare scores with friends on all Sporcle quizzes.
Join for Free
OR
Log In

You Might Also Like...

Show Comments

Extras

Top Quizzes Today


Score Distribution

Your Account Isn't Verified!

In order to create a playlist on Sporcle, you need to verify the email address you used during registration. Go to your Sporcle Settings to finish the process.

Report this User

Report this user for behavior that violates our Community Guidelines.

Details: